Ferris state college school bulletin (Record no. 20642)

MARC details
000 -LEADER
fixed length control field 00564nam a22001697a 4500
008 - FIXED-LENGTH DATA ELEMENTS--GENERAL INFORMATION
fixed length control field 230418b |||||||| |||| 00| 0 eng d
040 ## - CATALOGING SOURCE
Original cataloging agency National Science Library
Transcribing agency National Science Library
080 ## - UNIVERSAL DECIMAL CLASSIFICATION NUMBER
Universal Decimal Classification number 371.214:378.9(774)
Item number K4
245 ## - TITLE STATEMENT
Title Ferris state college school bulletin
Statement of responsibility, etc. /Ferris State College Big Rapids, Catalog for 1964-1965
260 ## - PUBLICATION, DISTRIBUTION, ETC.
Place of publication, distribution, etc. Michigan:
Name of publisher, distributor, etc. Ferris State College Big Rapids,
Date of publication, distribution, etc. 1884
300 ## - PHYSICAL DESCRIPTION
Extent 311p.
490 ## - SERIES STATEMENT
Series statement Official series
Volume/sequential designation No.9
500 ## - GENERAL NOTE
General note Vol. 40,
650 ## - SUBJECT ADDED ENTRY--TOPICAL TERM
Topical term or geographic name entry element School bulletin
653 ## - INDEX TERM--UNCONTROLLED
Uncontrolled term Catalog
942 ## - ADDED ENTRY ELEMENTS (KOHA)
Source of classification or shelving scheme Universal Decimal Classification
Koha item type Reference
Holdings
Withdrawn status Lost status Source of classification or shelving scheme Damaged status Not for loan Home library Current library Shelving location Date acquired Total Checkouts Full call number Barcode Date last seen Price effective from Koha item type
    Universal Decimal Classification     National Science Library National Science Library GF/Rk-5/C-12/R-5 18/04/2023   371.214:378.9(774) K4 14471 18/04/2023 18/04/2023 Reference